000 01051nma a22002417a 4500
005 20210325194059.0
006 g q ||
008 s2547 th tha d
041 _atha
090 _aCD574
110 0 _aกรมส่งเสริมคุณภาพสิ่งแวดล้อม
245 1 0 _aต้นไม้มงคลพระราชทานประจำจังหวัด [CD-ROM]
260 3 _aกรุงเทพฯ :
_bกรมส่งเสริมคุณภาพสิ่งแวดล้อม,
_c2547
300 _a1 แผ่นsd., col.
610 _aกรมส่งเสริมคุณภาพสิ่งแวดล้อม
650 0 4 _aต้นไม้ -- แง่ศาสนา
650 0 4 _aไม้มงคล
650 0 4 _aไม้มงคลต้นไม้ -- แง่ศาสนา
850 _aNALT
942 _cCD
997 _c000000000042857
_kVC
998 _aน.ส.อรอุษา โอภาสมงคลชัย
999 _c42857
_d42857